[Event "Barbera del Valles op 41st"]
[Site "Barbera del Valles"]
[Date "2018.07.10"]
[Round "7"]
[White "Bernat, Ernest"]
[Black "Gutierrez Anso, Jose"]
[Result "1-0"]
[WhiteElo "1880"]
[BlackElo "2087"]
[PlyCount "89"]
[EventDate "2018.07.04"]
[EventType "swiss"]
[EventRounds "9"]
[EventCountry "ESP"]
[SourceTitle "CBM 185 Extra"]
[Source "ChessBase"]
[SourceDate "2018.07.29"]
[SourceVersion "1"]
[SourceVersionDate "2018.07.29"]
[SourceQuality "1"]

1. e4 c5 2. Nf3 Nc6 3. Nc3 g6 4. d4 cxd4 5. Nxd4 Bg7 6. Be3 Nf6 7. Bc4 0-0 8. Bb3 Re8 9. f3 e6 10. Nxc6 bxc6 11. Qd2 d5 12. 0-0-0 Qa5 13. Kb1 Ba6 14. Nxd5 Qd8 15. Nb4 Qc8 16. Nxa6 Qxa6 17. Qd3 Qb7 18. g4 Rec8 19. Bc5 Rc7 20. Qe3 Nd7 21. Bd6 Rcc8 22. e5 c5 23. c4 a5 24. Ba4 Nb8 25. Rd3 Na6 26. a3 Rd8 27. Rhd1 Qa7 28. Bc6 Rac8 29. Bb5 a4 30. g5 Qa8 31. h4 Nc7 32. Bxc7 Rxd3 33. Qxd3 Rxc7 34. Qd8+ Qxd8 35. Rxd8+ Bf8 36. Bxa4 Kg7 37. Kc2 Be7 38. Rd7 Rxd7 39. Bxd7 h6 40. f4 hxg5 41. hxg5 Kf8 42. Kb3 Bd8 43. Ka4 Ke7 44. Bc6 Bb6 45. Kb5 1-0

[Event "Andorra op 32nd"]
[Site "La Massana"]
[Date "2014.07.19"]
[Round "1"]
[White "Gutierrez Anso, Jose"]
[Black "Glud, Jakob Vang"]
[Result "0-1"]
[WhiteElo "2017"]
[BlackElo "2538"]
[PlyCount "64"]
[EventDate "2014.07.19"]
[EventType "swiss"]
[EventRounds "9"]
[EventCountry "AND"]
[SourceTitle "CBM 161 Extra"]
[Source "ChessBase"]
[SourceDate "2014.08.29"]
[SourceVersion "1"]
[SourceVersionDate "2014.08.29"]
[SourceQuality "1"]

1. e4 e5 2. Nf3 Nc6 3. Nc3 Nf6 4. d4 Bb4 5. d5 Nb8 6. Bd3 d6 7. h3 Nbd7 8. 0-0 Nc5 9. Re1 Bxc3 10. bxc3 h6 11. Ba3 Ncd7 12. Bb5 0-0 13. c4 a6 14. Bxd7 Nxd7 15. Rb1 b6 16. Rb3 f5 17. exf5 Rxf5 18. Nh2 Qh4 19. Qe2 Nf8 20. Rg3 Bd7 21. Bc1 Kh8 22. Qe4 Qxe4 23. Rxe4 Nh7 24. Ng4 Raf8 25. Re2 R5f7 26. Ra3 Bc8 27. g3 h5 28. Nh2 a5 29. Kg2 Ba6 30. Ra4 Nf6 31. f4 Nxd5 32. Rd2 Ne3+ 0-1

[Event "Barcelona Tupinamba op 9th"]
[Site "Barcelona"]
[Date "2014.03.26"]
[Round "3"]
[White "Gutierrez Anso, Jose"]
[Black "Molano Lafuente, Ismael"]
[Result "1/2-1/2"]
[WhiteElo "2057"]
[BlackElo "2172"]
[PlyCount "21"]
[EventDate "2014.03.12"]
[EventType "swiss"]
[EventRounds "9"]
[EventCountry "ESP"]
[SourceTitle "EXT 2016"]
[Source "ChessBase"]
[SourceDate "2015.10.08"]
[SourceVersion "1"]
[SourceVersionDate "2015.10.08"]
[SourceQuality "1"]

1. e4 c5 2. Nf3 Nc6 3. Bb5 e6 4. 0-0 Nge7 5. Re1 a6 6. Bf1 d5 7. exd5 Nxd5 8. d4 cxd4 9. Nxd4 Bc5 10. Nf3 0-0 11. Nbd2 1/2-1/2

[Event "Calvia Amateur op 10th"]
[Site "Calvia"]
[Date "2013.10.12"]
[Round "8"]
[White "Gutierrez Anso, Jose"]
[Black "Dzubasz, Tino"]
[Result "1-0"]
[WhiteElo "1996"]
[BlackElo "2058"]
[PlyCount "75"]
[EventDate "2013.10.05"]
[EventType "swiss"]
[EventRounds "9"]
[EventCountry "ESP"]
[SourceTitle "EXT 2014"]
[Source "ChessBase"]
[SourceDate "2013.11.20"]
[SourceVersion "1"]
[SourceVersionDate "2013.11.20"]
[SourceQuality "1"]

1. e4 g6 2. d4 Bg7 3. Nc3 c5 4. dxc5 Qa5 5. Bd3 Na6 6. Bxa6 bxa6 7. Nge2 Bb7 8. 0-0 Nf6 9. b4 Qc7 10. f3 a5 11. Bf4 Qc6 12. Nd4 Qc8 13. Ncb5 Nh5 14. Bd6 a6 15. Nc7+ Kf8 16. Nxa8 Bxa8 17. Bg3 Nxg3 18. hxg3 axb4 19. Rf2 Qxc5 20. Nb3 Qc7 21. Rb1 a5 22. Rd2 Ke8 23. Qe2 Bc3 24. Rdd1 Qb6+ 25. Qf2 Qc7 26. Qc5 Qxc5+ 27. Nxc5 d6 28. Nb3 f5 29. exf5 gxf5 30. Nxa5 Rg8 31. Kf2 d5 32. f4 e6 33. Nb3 e5 34. fxe5 f4 35. Nd4 fxg3+ 36. Kg1 Rf8 37. Ne6 Rf5 38. Ng7+ 1-0

[Event "Calvia Amateur op 10th"]
[Site "Calvia"]
[Date "2013.10.10"]
[Round "6"]
[White "Gutierrez Anso, Jose"]
[Black "Melich, Jindrich"]
[Result "0-1"]
[WhiteElo "1996"]
[BlackElo "2079"]
[PlyCount "38"]
[EventDate "2013.10.05"]
[EventType "swiss"]
[EventRounds "9"]
[EventCountry "ESP"]
[SourceTitle "EXT 2014"]
[Source "ChessBase"]
[SourceDate "2013.11.20"]
[SourceVersion "1"]
[SourceVersionDate "2013.11.20"]
[SourceQuality "1"]

1. e4 d6 2. d4 Nf6 3. Nc3 g6 4. Bg5 h6 5. Bh4 c6 6. Nf3 Bg7 7. e5 Nd5 8. Nxd5 cxd5 9. Bd3 Nc6 10. 0-0 dxe5 11. Nxe5 0-0 12. Re1 g5 13. Nxc6 bxc6 14. Bg3 Bxd4 15. Qh5 Bg7 16. h4 e6 17. Be5 f5 18. g4 Bxe5 19. Rxe5 Qf6 0-1

[Event "Calvia Amateur op 10th"]
[Site "Calvia"]
[Date "2013.10.09"]
[Round "5"]
[White "Gutierrez Anso, Jose"]
[Black "Hristodorescu, Daniel"]
[Result "0-1"]
[WhiteElo "1996"]
[BlackElo "2207"]
[PlyCount "122"]
[EventDate "2013.10.05"]
[EventType "swiss"]
[EventRounds "9"]
[EventCountry "ESP"]
[SourceTitle "EXT 2014"]
[Source "ChessBase"]
[SourceDate "2013.11.20"]
[SourceVersion "1"]
[SourceVersionDate "2013.11.20"]
[SourceQuality "1"]

1. e4 c6 2. d4 d5 3. exd5 cxd5 4. Bd3 Nc6 5. c3 g6 6. Nf3 Bg7 7. 0-0 Nh6 8. Re1 0-0 9. Bg5 f6 10. Bd2 Nf7 11. h3 e5 12. dxe5 fxe5 13. Nh2 e4 14. Bc2 Nfe5 15. Be3 b6 16. Nd2 Ba6 17. Ng4 h5 18. Nxe5 Nxe5 19. Nxe4 dxe4 20. Bxe4 Qxd1 21. Raxd1 Rad8 22. Bd4 g5 23. Bc2 Nc4 24. b3 Bxd4 25. cxd4 Nd6 26. Bg6 h4 27. Re7 Nc8 28. Re5 Kg7 29. Bh5 Kh6 30. Bg4 Rfe8 31. Rc1 Rg8 32. Rc7 Rg7 33. Re6+ Kh7 34. Rcc6 Bb7 35. Rh6+ Kg8 36. Rc3 Nd6 37. Be6+ Kf8 38. d5 Nf7 39. Rf6 Bxd5 40. Rc7 Bxe6 41. Rxe6 Nd6 42. Rxg7 Kxg7 43. Re7+ Kf6 44. Rxa7 Ne4 45. Kf1 Rd2 46. Ke1 Rb2 47. Ra6 Nxf2 48. Rxb6+ Ke5 49. Rb5+ Kf4 50. a4 Nd3+ 51. Kf1 Ke3 52. Kg1 Rb1+ 53. Kh2 Nf2 54. g3 Ne4 55. gxh4 gxh4 56. Rb8 Rb2+ 57. Kg1 Ng5 58. Re8+ Kf3 59. Rg8 Nxh3+ 60. Kh1 Nf2+ 61. Kh2 Ng4+ 0-1

[Event "Calvia Amateur op 10th"]
[Site "Calvia"]
[Date "2013.10.07"]
[Round "3"]
[White "Sanchez Jerez, Emilio Miguel"]
[Black "Gutierrez Anso, Jose"]
[Result "0-1"]
[WhiteElo "2291"]
[BlackElo "1996"]
[PlyCount "94"]
[EventDate "2013.10.05"]
[EventType "swiss"]
[EventRounds "9"]
[EventCountry "ESP"]
[SourceTitle "EXT 2014"]
[Source "ChessBase"]
[SourceDate "2013.11.20"]
[SourceVersion "1"]
[SourceVersionDate "2013.11.20"]
[SourceQuality "1"]

1. e4 e6 2. Nc3 d5 3. d4 Nf6 4. e5 Nfd7 5. f4 c5 6. Nf3 Nc6 7. Be3 cxd4 8. Nxd4 Nxd4 9. Bxd4 Nb8 10. Qf3 Nc6 11. 0-0-0 Bd7 12. Kb1 g6 13. g4 h5 14. h3 hxg4 15. hxg4 Rxh1 16. Qxh1 Nxd4 17. Rxd4 Qb6 18. Rd1 0-0-0 19. Qf3 Kb8 20. Bg2 Rc8 21. Ne2 Ba4 22. Rd2 Bc5 23. c3 Be3 24. Rd3 Bc5 25. Nd4 Bxd4 26. Rxd4 Bc2+ 27. Ka1 Be4 28. Rxe4 dxe4 29. Qe2 Qg1+ 30. Bf1 Rd8 31. a4 e3 32. Ka2 Qf2 33. Qb5 Qd2 34. Bc4 Qd7 35. Qb3 Qd1 36. Qb4 e2 37. Ba6 b6 38. Qe4 Qd5+ 39. Qxd5 Rxd5 40. Bxe2 Rd2 41. Bb5 Rf2 42. f5 gxf5 43. g5 Rg2 44. Be8 Rxg5 45. Bxf7 f4 46. Bxe6 Rxe5 47. Bg4 Re3 0-1

[Event "Montcada op 21st"]
[Site "Montcada"]
[Date "2013.06.25"]
[Round "1"]
[White "Gutierrez Anso, Jose"]
[Black "Deepan Chakkravarthy, J."]
[Result "0-1"]
[WhiteElo "2096"]
[BlackElo "2468"]
[PlyCount "51"]
[EventDate "2013.06.25"]
[EventType "swiss"]
[EventRounds "9"]
[EventCountry "ESP"]
[SourceTitle "CBM 155 Extra"]
[Source "ChessBase"]
[SourceDate "2013.08.26"]
[SourceVersion "1"]
[SourceVersionDate "2013.08.26"]
[SourceQuality "1"]

1. e4 c5 2. Nc3 a6 3. a4 Nc6 4. f4 e6 5. Nf3 d5 6. d3 g6 7. Be2 Bg7 8. 0-0 Nge7 9. Qe1 Nd4 10. Bd1 0-0 11. Nxd4 cxd4 12. Ne2 dxe4 13. dxe4 b6 14. Ra3 Bb7 15. e5 Nf5 16. Qf2 f6 17. g4 Qd5 18. Ng3 Nxg3 19. Qxg3 fxe5 20. f5 exf5 21. Qb3 Kh8 22. Qxd5 Bxd5 23. g5 Rac8 24. Rh3 Rc7 25. Rh4 Kg8 26. b3 0-1

[Event "Barcelona Pujol Memorial 3rd"]
[Site "Barcelona"]
[Date "2011.10.19"]
[Round "3"]
[White "Gutierrez Anso, Jose"]
[Black "Hernando Rodrigo, Julio Antonio"]
[Result "0-1"]
[WhiteElo "2071"]
[BlackElo "2314"]
[PlyCount "65"]
[EventDate "2011.09.28"]
[EventType "swiss"]
[EventRounds "9"]
[EventCountry "ESP"]
[SourceTitle "EXT 2013"]
[Source "ChessBase"]
[SourceDate "2012.11.22"]
[SourceVersion "1"]
[SourceVersionDate "2012.11.22"]
[SourceQuality "1"]

1. e4 e6 2. d4 d5 3. Nc3 Bb4 4. Nge2 dxe4 5. a3 Be7 6. Nxe4 Nf6 7. N2c3 0-0 8. Bc4 Nc6 9. Be3 Nxe4 10. Nxe4 f5 11. Nc5 f4 12. Nxe6 Bxe6 13. Bxe6+ Kh8 14. Bd2 Nxd4 15. Bg4 Qd5 16. 0-0 f3 17. c4 Ne2+ 18. Qxe2 fxe2 19. cxd5 exf1Q+ 20. Kxf1 Rfd8 21. Bf3 Bf6 22. Rc1 c6 23. dxc6 bxc6 24. Ba5 Rd6 25. Rc2 Re8 26. g3 Bd4 27. Bc3 c5 28. b4 c4 29. Be2 Rc8 30. b5 g5 31. Bb4 Rf6 32. Bg4 Rc7 33. Rd2 0-1

[Event "Barcelona Tupinamba op 6th"]
[Site "Barcelona"]
[Date "2011.05.04"]
[Round "8"]
[White "Beltran Rueda, Santiago"]
[Black "Gutierrez Anso, Jose"]
[Result "1-0"]
[WhiteElo "2370"]
[BlackElo "2057"]
[PlyCount "77"]
[EventDate "2011.03.09"]
[EventType "swiss"]
[EventRounds "9"]
[EventCountry "ESP"]
[SourceTitle "EXT 2012"]
[Source "ChessBase"]
[SourceDate "2011.11.24"]
[SourceVersion "1"]
[SourceVersionDate "2011.11.24"]
[SourceQuality "1"]

1. d4 d5 2. Nf3 Nf6 3. c4 dxc4 4. e3 e6 5. Bxc4 c5 6. 0-0 Nc6 7. Qe2 cxd4 8. Rd1 Be7 9. exd4 a6 10. Nc3 b5 11. d5 exd5 12. Nxd5 bxc4 13. Nxf6+ gxf6 14. Rxd8+ Nxd8 15. Bh6 Rg8 16. Re1 Be6 17. Nd4 Ra7 18. Nxe6 fxe6 19. Qxc4 Kf7 20. Be3 Rb7 21. b3 Rb4 22. Qxa6 Rbg4 23. g3 e5 24. Rd1 Ne6 25. Rd7 h5 26. Qb7 Re8 27. a4 h4 28. Qf3 Reg8 29. Qd5 Rc8 30. Qb7 Re8 31. a5 h3 32. f3 Rg7 33. a6 Kg6 34. Qc6 Nd4 35. Bxd4 exd4 36. a7 d3 37. Rxd3 Reg8 38. Re3 Rc8 39. Qe4+ 1-0

[Event "Badalona op 35th"]
[Site "Badalona"]
[Date "2009.08.01"]
[Round "1"]
[White "Brandenburg, Daan"]
[Black "Gutierrez Anso, Jose"]
[Result "1-0"]
[WhiteElo "2463"]
[BlackElo "2100"]
[PlyCount "28"]
[EventDate "2009.08.01"]
[EventType "swiss"]
[EventRounds "9"]
[EventCountry "ESP"]
[SourceTitle "CBM 131 Extra"]
[Source "ChessBase"]
[SourceDate "2009.09.03"]
[SourceVersion "2"]
[SourceVersionDate "2009.09.16"]
[SourceQuality "1"]

1. e4 e6 2. d4 d5 3. Nd2 a6 4. Bd3 c5 5. dxc5 Bxc5 6. Ngf3 Nf6 7. exd5 exd5 8. 0-0 0-0 9. Nb3 Bb6 10. h3 Nc6 11. c3 Re8 12. Bg5 Qd6 13. c4 h6 14. Bxf6 gxf6 1-0